[Event "Fagernes op"]
[Site "Fagernes"]
[Date "2020.10.06"]
[Round "1"]
[White "Cross, Jamie"]
[Black "Ji, Jiabao Eivind"]
[Result "1-0"]
[WhiteElo "1711"]
[BlackElo "1339"]
[PlyCount "169"]
[EventDate "2020.10.04"]
[EventType "swiss"]
[EventRounds "9"]
[EventCountry "NOR"]
[SourceTitle "EXT 2024"]
[Source "ChessBase"]
[SourceDate "2023.10.10"]
[SourceVersion "1"]
[SourceVersionDate "2023.10.10"]
[SourceQuality "1"]

1. d4 d5 2. Nc3 Nf6 3. Bf4 a6 4. e3 e6 5. Bd3 c5 6. dxc5 Bxc5 7. Nf3 Nc6 8. 0-0 0-0 9. e4 d4 10. Ne2 Re8 11. e5 Nd5 12. Bg3 b5 13. Be4 Qb6 14. Nf4 Nxf4 15. Bxf4 Bb7 16. Bxh7+ Kxh7 17. Ng5+ Kg8 18. Qh5 Qc7 19. Qh7+ Kf8 20. Qh8+ Ke7 21. Qxg7 Kd8 22. Nxf7+ Kc8 23. Qg6 Kb8 24. Nd6 Re7 25. Nxb7 Kxb7 26. Qe4 Rf8 27. Bg3 Rf5 28. a4 b4 29. c3 b3 30. Rac1 Rd7 31. cxd4 Rxd4 32. Qe3 Qb6 33. Qh6 Nd8 34. Qg7+ Rf7 35. Qg6 Rxa4 36. Qg5 Rd4 37. Qh6 Rd5 38. Qg5 Rdd7 39. Qh6 Rf5 40. h3 Nf7 41. Qh4 Rd4 42. Qh7 Kb8 43. Qg8+ Rd8 44. Qg7 Rf8 45. Kh2 Nd8 46. f4 R5f7 47. Qg4 Be3 48. Rc3 Bd4 49. Rcf3 Rf5 50. Bh4 a5 51. Be7 Re8 52. Bf6 a4 53. Qg6 Rf8 54. g4 R5xf6 55. exf6 Rxf6 56. Qe8 Qa5 57. Ra1 a3 58. Rxb3+ Bb6 59. Qxd8+ Ka7 60. Rxb6 Qxb6 61. Rxa3+ Kb7 62. Qxb6+ Kxb6 63. Kg3 Kc5 64. Re3 Kd4 65. Kf3 Rh6 66. Kf2 Kd5 67. g5 Rh8 68. Kg3 Re8 69. g6 Rg8 70. Re5+ Kd6 71. Rg5 Ke7 72. h4 Kf6 73. h5 e5 74. Rxe5 Rb8 75. Re2 Kf5 76. Re5+ Kf6 77. Rg5 Kg7 78. h6+ Kxh6 79. g7 Rg8 80. b4 Rd8 81. b5 Rd3+ 82. Kg4 Rd4 83. g8R Rxf4+ 84. Kxf4 Kh7 85. Rg1 1-0

[Event "Ostersund Hurtigfeiden op"]
[Site "Ostersund"]
[Date "2018.08.26"]
[Round "7"]
[White "Ji, Jiabao Eivind"]
[Black "Ribe, Kristin"]
[Result "1/2-1/2"]
[WhiteElo "1298"]
[BlackElo "1111"]
[PlyCount "106"]
[EventDate "2018.08.26"]
[EventType "swiss"]
[EventRounds "7"]
[EventCountry "SWE"]
[SourceTitle "CBM 186 Extra"]
[Source "ChessBase"]
[SourceDate "2018.08.24"]
[SourceVersion "1"]
[SourceVersionDate "2018.08.24"]
[SourceQuality "1"]

1. e4 c6 2. d4 d5 3. exd5 cxd5 4. Bd3 Nf6 5. Nf3 e6 6. Bf4 Be7 7. 0-0 Nbd7 8. Nc3 a6 9. a4 0-0 10. Re1 Re8 11. Qd2 Bb4 12. Ne5 Bxc3 13. bxc3 Nb6 14. a5 Nc4 15. Nxc4 dxc4 16. Bxc4 Kf8 17. Re3 Nd5 18. Bxd5 Qxd5 19. Rg3 e5 20. Be3 exd4 21. Qxd4 Qxd4 22. Bxd4 f6 23. Re3 Bf5 24. Rae1 Bxc2 25. Bc5+ Kf7 26. Rxe8 Rxe8 27. Rxe8 Kxe8 28. Kf1 Kd7 29. Ke2 Kc6 30. Bb4 Be4 31. f3 Bd5 32. Ke3 b6 33. Kd4 Ba2 34. c4 bxa5 35. Bxa5 Bb3 36. g3 Bd1 37. f4 g6 38. h4 h5 39. c5 g5 40. fxg5 fxg5 41. hxg5 Bc2 42. Bb6 Bg6 43. Kc4 Bf7+ 44. Kb4 Bg6 45. Ka5 Bd3 46. g6 Bxg6 47. Kxa6 Bf5 48. Ka5 Bc8 49. Kb4 Ba6 50. Kc3 Bc8 51. Kd4 Be6 52. Ke5 Bg4 53. Kf6 Be2 1/2-1/2

[Event "Ostersund Hurtigfeiden op"]
[Site "Ostersund"]
[Date "2018.08.26"]
[Round "6"]
[White "Nylen, Anders1111"]
[Black "Ji, Jiabao Eivind"]
[Result "1-0"]
[WhiteElo "1677"]
[BlackElo "1298"]
[PlyCount "35"]
[EventDate "2018.08.26"]
[EventType "swiss"]
[EventRounds "7"]
[EventCountry "SWE"]
[SourceTitle "CBM 186 Extra"]
[Source "ChessBase"]
[SourceDate "2018.08.24"]
[SourceVersion "1"]
[SourceVersionDate "2018.08.24"]
[SourceQuality "1"]

1. e4 c5 2. c3 Nc6 3. d4 cxd4 4. cxd4 Nf6 5. Nc3 d6 6. Nf3 e6 7. Be3 Be7 8. Rc1 Bd7 9. Bd3 0-0 10. 0-0 Ng4 11. Ne2 Nb4 12. Bb1 Nf6 13. Ng3 Rc8 14. Qe2 Qb6 15. Rfe1 Bb5 16. Qd2 Nc6 17. d5 exd5 18. Bxb6 1-0

[Event "Helsingor Xtracon op"]
[Site "Helsingor"]
[Date "2018.07.29"]
[Round "10"]
[White "Harders, Poul Erik"]
[Black "Ji, Jiabao Eivind"]
[Result "0-1"]
[WhiteElo "1693"]
[BlackElo "1250"]
[PlyCount "69"]
[EventDate "2018.07.21"]
[EventType "swiss"]
[EventRounds "10"]
[EventCountry "DEN"]
[SourceTitle "CBM 185 Extra"]
[Source "ChessBase"]
[SourceDate "2018.07.29"]
[SourceVersion "1"]
[SourceVersionDate "2018.07.29"]
[SourceQuality "1"]

1. d4 Nf6 2. c4 g6 3. Nc3 d5 4. cxd5 Nxd5 5. Nf3 Bg7 6. Qb3 Nb6 7. Bg5 Be6 8. Qd1 Nc6 9. e3 h6 10. Bf4 0-0 11. Be2 Nd5 12. Bg3 Qd7 13. 0-0 Nb6 14. b3 Nd5 15. Rc1 Nxc3 16. Rxc3 Kh7 17. a3 a5 18. Bc4 Bxc4 19. Rxc4 Rfd8 20. Qc2 e6 21. Rc5 Rac8 22. Ne5 Nxe5 23. Bxe5 Bxe5 24. Rxe5 b6 25. Qc4 Kg7 26. Rc1 Qe7 27. a4 Qd6 28. h4 Re8 29. d5 Qxe5 30. dxe6 Qxe6 31. Qd4+ Qe5 32. Qd7 Qd6 33. Qg4 Qb4 34. Qf3 Qxh4 35. Rc4 0-1

[Event "NOR-ch U10"]
[Site "Stavanger"]
[Date "2017.07.08"]
[Round "9"]
[White "Tunge, Kasper Kleppe"]
[Black "Ji, Jiabao Eivind"]
[Result "1-0"]
[WhiteElo "778"]
[BlackElo "527"]
[PlyCount "51"]
[EventDate "2017.07.01"]
[EventType "swiss"]
[EventRounds "9"]
[EventCountry "NOR"]
[SourceTitle "EXT 2024"]
[Source "ChessBase"]
[SourceDate "2023.10.10"]
[SourceVersion "1"]
[SourceVersionDate "2023.10.10"]
[SourceQuality "1"]

1. d4 Nf6 2. c4 g6 3. Nc3 Bg7 4. Nf3 0-0 5. Bg5 d6 6. e3 Nbd7 7. Qc2 c6 8. Be2 Qc7 9. 0-0 e5 10. Rfd1 exd4 11. Nxd4 Re8 12. Rac1 Ne5 13. b4 a6 14. c5 dxc5 15. bxc5 Ned7 16. Na4 Nd5 17. Qb3 Nf8 18. Bc4 Nf6 19. Bf4 Qe7 20. Bd6 Qd8 21. Bxf7+ Kh8 22. Bxe8 Qxe8 23. Nb6 Ra7 24. Bb8 Be6 25. Nxe6 Qxb8 26. Rd8 1-0